Nâng cao độ chính xác của mô hình XGBoost trong dự báo phụ tải điện ngắn hạn : Luận văn thạc sĩ - Chuyên ngành: Kỹ thuật Điện

Saved in:
Bibliographic Details
Main Author:  Nguyễn, Quốc Đại
Format: Book
Language:Undetermined
Published:  Đại học Công Nghiệp TP. Hồ Chí Minh  2024
Subjects:
Tags: Add Tag
No Tags, Be the first to tag this record!
Institutions: Trung tâm Thư viện - Trường Đại học Công nghiệp TP. Hồ Chí Minh
LEADER 00740nam a2200157Ia 4500
001 IUH_2025_00421
008 251224s9999 xx 000 0 und d
082 |a  621.319 
100 |a  Nguyễn, Quốc Đại 
245 0 |a Nâng cao độ chính xác của mô hình XGBoost trong dự báo phụ tải điện ngắn hạn : Luận văn thạc sĩ - Chuyên ngành: Kỹ thuật Điện 
245 0 |c  Nguyễn, Quốc Đại 
260 |b  Đại học Công Nghiệp TP. Hồ Chí Minh 
260 |c  2024 
650 |a  Kỹ thuật điện; Hệ thống điện;  
927 |a Luận văn 
980 |a Trung tâm Thư viện - Trường Đại học Công nghiệp TP. Hồ Chí Minh